000 00405nam a2200145Ia 4500
008 230917s9999||||xx |||||||||||||| ||und||
040 _e188561
_aMAIN
041 _aEnglish
082 _a361.5 M422D
100 _aMathur, Kuldeep
245 0 _aDrought, policy and politics in India: The need for a long-trm perspective
260 _aNew Delhi
_bSage Publications
_c1993
300 _a139 p.
942 _cBK
999 _c78129
_d78129